Estadísticas para Comunas de Santiago de Chile

Haz click aquí para intentar la prueba.

Estadísticas generales

  • Esta prueba ha sido intentada 2.204 veces
  • La puntuación promedio es 25 de 37

Respuestas en el mapa

Las respuestas están codificadas por una escala verde-roja en el mapa de la prueba según el % correcto abajo.
 

Estadísticas de respuestas

Respuesta% Correcto
Las Condes
97%
Santiago
95%
Providencia
91%
Maipú
89%
Puente Alto
89%
Lo Barnechea
87%
Vitacura
87%
Ñuñoa
86%
La Reina
81%
La Florida
79%
San Bernardo
75%
Macul
74%
Pudahuel
73%
Estación Central
72%
Huechuraba
72%
Peñalolén
72%
La Pintana
70%
Recoleta
69%
Quilicura
67%
San Joaquin
65%
Independencia
62%
Renca
62%
Lo Espejo
59%
San Miguel
59%
La Cisterna
57%
La Granja
57%
Cerrillos
56%
El Bosque
56%
Pedro Aguirre Cerda
55%
Quinta Normal
52%
Lo Prado
51%
San Ramón
51%
Pirque
50%
Conchalí
48%
Cerro Navia
47%
Padre Hurtado
47%
San José de Maipo
47%

Distribución de puntuación

Porcentaje por número respondido

Porcentaje de gente con cada puntuación

Historial de tus puntuaciones

No has intentado esta prueba.